BIBLIOTECA

SENCICO

Democracia, derechos sociales y pobreza en el Perú, superar la pobreza… gran desafío para la democracia / (Registro nro. 169)

Detalles MARC
000 -LEADER
fixed length control field 01056nam a2200241Ia 4500
003 - CONTROL NUMBER IDENTIFIER
control field PE SENCICO BE
005 - DATE AND TIME OF LATEST TRANSACTION
control field 20251020182428.0
008 - FIXED-LENGTH DATA ELEMENTS--GENERAL INFORMATION
fixed length control field 200515s9999 xx 000 0 und d
040 ## - CATALOGING SOURCE
Original cataloging agency PE SENCICO BE
Transcribing agency PE SENCICO BE
041 ## - LANGUAGE CODE
Language code of text/sound track or separate title spa
082 ## - DEWEY DECIMAL CLASSIFICATION NUMBER
Classification number 321.00985
Item number C4
110 1# - MAIN ENTRY--CORPORATE NAME
Corporate name or jurisdiction name as entry element Centro de Estudios de la Realidad Peruana
9 (RLIN) 2465
245 10 - TITLE STATEMENT
Title Democracia, derechos sociales y pobreza en el Perú, superar la pobreza… gran desafío para la democracia /
Statement of responsibility, etc. Centro de Estudios de la Realidad Peruana
260 ## - PUBLICATION, DISTRIBUTION, ETC.
Place of publication, distribution, etc. Lima :
Name of publisher, distributor, etc. CERP ;
Date of publication, distribution, etc. s. a.
300 ## - PHYSICAL DESCRIPTION
Extent 183 p. :
Other physical details tbl., graf. ;
Dimensions 21 cm.
505 0# - FORMATTED CONTENTS NOTE
Formatted contents note Primera sesión: tema 1: Democracia, mercado y derechos sociales y económicos -- Tema 2: Democracia, pobreza e inversión social -- Segunda sesión: Tema 3: El Marcado del Empleo y la Exclusión Social -- Tema 4: La Exclusión Social en América Latina y el Perú
650 10 - SUBJECT ADDED ENTRY--TOPICAL TERM
Topical term or geographic name entry element Derechos sociales
9 (RLIN) 2466
650 20 - SUBJECT ADDED ENTRY--TOPICAL TERM
Topical term or geographic name entry element Democracia
9 (RLIN) 2467
650 20 - SUBJECT ADDED ENTRY--TOPICAL TERM
Topical term or geographic name entry element Pobreza
9 (RLIN) 2468
650 20 - SUBJECT ADDED ENTRY--TOPICAL TERM
Topical term or geographic name entry element Problemas sociales
9 (RLIN) 2360
651 10 - SUBJECT ADDED ENTRY--GEOGRAPHIC NAME
9 (RLIN) 661
Geographic name Perú
942 ## - ADDED ENTRY ELEMENTS (KOHA)
Koha item type Libros
Source of classification or shelving scheme Dewey Decimal Classification
Existencias
Fecha de la última vez que lo usaron Número de ingreso o de inventario Pago total Signatura topográfica completa Código de barras Precio efectivo desde Tipo de documento Estado perdido Sistema de clasificación Estado dañado No es para préstamo Retirado Ubicación permanente Ubicación actual Fecha de adquisición
16/07/2024 7517   321.00985/C4 BibLima24070083 16/07/2024 Libros   Dewey Decimal Classification       Biblioteca Central Lima Biblioteca Central Lima 16/07/2024